Principles of management : (Record no. 93030)

MARC details
000 -LEADER
fixed length control field 00537nam a22001817a 4500
005 - DATE AND TIME OF LATEST TRANSACTION
control field 20150605121128.0
010 ## - LCCN (DPL NO)
LC control number ENG-112722
020 ## - INTERNATIONAL STANDARD BOOK NUMBER
Terms of availability 295.00
International Standard Book Number 9789381335314
035 ## - SYSTEM CONTROL NUMBER
System control number EN-96254
037 ## - SOURCE OF ACQUISITION
Source of stock number/acquisition DBAD/PUB
082 ## - DEWEY DECIMAL CLASSIFICATION NUMBER
Classification number 658
100 ## - MAIN ENTRY--PERSONAL NAME
Personal name Jain, Esha
245 ## - TITLE STATEMENT
Title Principles of management :
Statement of responsibility, etc by Esha Jain
Remainder of title text and cases /
260 ## - PUBLICATION, DISTRIBUTION, ETC. (IMPRINT)
Place of publication, distribution, etc New Delhi
Name of publisher, distributor, etc International Book House
Date of publication, distribution, etc 2012
270 ## - ADDRESS
Address 2/24, Ansari Road, Daryaganj,
City New Delhi
Postal code 110002
300 ## - PHYSICAL DESCRIPTION
Extent 391p.
Dimensions 24cm(pbk)
942 ## - ADDED ENTRY ELEMENTS (KOHA)
Source of classification or shelving scheme Dewey Decimal Classification
Item type English Books
Call number suffix JAI
Classification part 658
Holdings
Withdrawn status Lost status Not for loan Collection code Home library Current library Date acquired Source of acquisition Cost, normal purchase price Full call number Barcode Copy number Cost, replacement price Koha item type
    Not For Loan Non-fiction D.B.Act.Division D.B.Act.Division 17/04/2015 DBAD/PUB 295.00 658 JAI EN-96254 1 295.00 English Books

© Delhi Public Library
Hit Counter
free hit counter